| 000 | 00726cam a2200229Ia 4500 | ||
|---|---|---|---|
| 008 | |||
| 020 | _a1931009015 (pbk.) | ||
| 049 | _aMAIN | ||
| 090 |
_aGV837 _bLAU |
||
| 100 | 1 | _aLaughlin, Terry. | |
| 245 | 1 | 0 |
_aSwimming made easy : _bthe total immersion way for any swimmer to achieve fluency, ease, and speed in any stroke / _cTerry Laughlin. |
| 260 |
_aNew Paltz : _bSwimware, Inc., _c2001. |
||
| 300 |
_a208 p. : _bill. ; _c22 cm. |
||
| 500 | _aIncludes index. | ||
| 650 | 0 |
_aSwimming _xTraining. |
|
| 650 | 0 |
_aSwimming _xStudy and teaching. |
|
| 907 |
_a.b10386634 _b08-11-17 _c07-11-17 |
||
| 003 | |||
| 005 | 20230123122321.0 | ||
| 040 | _cNUST | ||
| 942 |
_cBOOKS _kGV837 _mLAU |
||
| 999 |
_c131545 _d131545 |
||